| 000 | 01056nam a2200325 i 4500 | ||
|---|---|---|---|
| 003 | DO-SdBNP | ||
| 005 | 20250217091503.0 | ||
| 007 | ta | ||
| 008 | 831130s1986 cu b 000 0 spa | ||
| 040 |
_aDO-SdBNP _bspa _cBNPHU _erda |
||
| 043 | _acl----- | ||
| 049 | _aBNGR | ||
| 082 | 4 |
_axxx _bP949A _222 |
|
| 100 | 1 |
_aPrieto, Alberto, _eautor _4aut. _932312 |
|
| 245 | 1 | 0 |
_aAlbizu Campos y el independentismo puertorriqueño / _cAlberto Prieto ; edición, Ana María Marilña ; corrección, Ana Belkys Delgado Mosqueda |
| 264 | 4 |
_aLa Habana, Cuba : _bEditora Política, _c1986. |
|
| 300 |
_a64 páginas ; _c19 cm. |
||
| 336 |
_atexto _btxt _2rdacontent |
||
| 337 |
_asin mediación _bn _2rdamedia |
||
| 338 |
_avolumen _bnc _2rdacarrier |
||
| 504 | _aBibliografía : páginas 59-64 | ||
| 590 | _aInventariado, 2025/BT | ||
| 650 | 4 | _932313 | |
| 650 | _932314 | ||
| 650 | _932315 | ||
| 700 | 1 |
_aMariña, Ana María, _eeditor _4ed. _99864 |
|
| 700 | 1 |
_aDelgado Mosqueda, Ana Belkys, _bcorrector _4corr. _932316 |
|
| 910 | _aBtavárez | ||
| 942 |
_2ddc _cLBS1 |
||
| 999 |
_c58118 _d58118 |
||